FLEXIBLE MANUFACTURING (Record no. 575048)

000 -LEADER
fixed length control field 00347nam a22001337a 4500
020 ## - INTERNATIONAL STANDARD BOOK NUMBER
International Standard Book Number 0-7506-1011-5
082 ## - DEWEY DECIMAL CLASSIFICATION NUMBER
Classification number 670.427 PAR'F
100 ## - MAIN ENTRY--PERSONAL NAME
Personal name PARRISH, DAVID J
9 (RLIN) 67221
245 ## - TITLE STATEMENT
Title FLEXIBLE MANUFACTURING
260 ## - PUBLICATION, DISTRIBUTION, ETC.
Place of publication, distribution, etc. LONDON
Name of publisher, distributor, etc. BUTTERWORTH HEINEMANN
Date of publication, distribution, etc. 1990
300 ## - PHYSICAL DESCRIPTION
Extent XII, 147P
650 ## - SUBJECT ADDED ENTRY--TOPICAL TERM
Topical term or geographic name entry element FLEXIBLE MANUFACTURING SYSTEMS
9 (RLIN) 67222
942 ## - ADDED ENTRY ELEMENTS (KOHA)
Koha item type Book
Holdings
Withdrawn status Lost status Damaged status Not for loan Permanent Location Current Location Shelving location Date acquired Total Checkouts Full call number Barcode Date last seen Price effective from Koha item type
        College of Electrical & Mechanical Engineering (CEME) College of Electrical & Mechanical Engineering (CEME) General Stacks 08/01/2017   670.427 PAR'F CEME-27532 06/28/2021 06/28/2021 Book
© 2023 Central Library, National University of Sciences and Technology. All Rights Reserved.